000 00480nab a2200145Ia 4500
003 ES-SlBCS
005 20210601124322.0
008 140529s1991 xxu||||| |||| 00| 0 eng d
041 _aeng
100 1 _aGibboney, Richard A.
_9139674
245 0 0 _aReview article - We had it and We lost it: The Moral Collapse of the University
_c Richard A. Gibboney
650 0 4 _aUniversidad
_9100774
773 0 _tEducational Theory
_gvol. 41, nº. 1, 1991, págs. 99-104
_wRev1399
942 _cAR
999 _c512864
_d512864